| 000 | 00490nam a2200181Ia 4500 | ||
|---|---|---|---|
| 003 | GCL | ||
| 008 | 140319s9999 xx 000 0 eng d | ||
| 040 |
_aGCL / _cGCL |
||
| 082 | 0 | 4 |
_a843 _bR J |
| 100 | 1 | _aLA ROCHELLE, PIERRE DRIEU | |
| 245 | 1 | 0 |
_aJOURNAL D'UN HOMME TROMPE / _cLA ROCHELLE, PIERRE DRIEU |
| 260 |
_a[S.N] : _bGALLIMARD ، _c1992 |
||
| 300 | _a246 P | ||
| 490 |
_aCOLLECTION FOLIO CLASSIQUE _v0 |
||
| 650 | 0 | 4 | _aLITERATURE |
| 650 | 0 | 4 | _aFRENCH LITERATURE |
| 942 |
_2ddc _cBK |
||
| 999 |
_c21604 _d21604 |
||